Prueba del Betis - Estadísticas

Estadísticas generales
  • Esta prueba ha sido intentada 163 veces
  • La puntuación promedio es 12 de 13
Estadísticas de respuestas
Hint Respuesta % Correcto
¿Cuántas copas tiene? 3
99%
¿Cuántos colores tiene el escudo? 4
99%
¿Qué jugador ha venido cedido del manchester united? Antony
98%
¿Quién es el actual entrenador? Manuel Pellegrini
98%
¿En qué año se fundó el club? 1907
97%
¿Cómo se llama el jugador que más tiempo estuvo en el club? Joaquín
97%
¿El himno tiene letra o es solo música? Letra
97%
¿En qué año ganó su primera liga? 1935
90%
¿Quién es actual centrocampista que más ha deslumbrado? Isco
90%
¿Cómo se llama la liga en la que juega? Laliga
90%
¿Quién es el actual presidente? Ángel Haro
86%
¿De qué colores son su mítica camiseta? Verde y Blanco
81%
¿Cuántas finales ha perdido? 0
79%
No se encontraron pruebas coincidentes
Distribución de puntuación
Porcentaje de gente con cada puntuación
Porcentaje por número respondido
Historial de tus puntuaciones
No has intentado esta prueba.